| 000 | 00962nam a22003018i 4500 | ||
|---|---|---|---|
| 999 |
_c29270 _d29241 |
||
| 001 | 019624771 | ||
| 003 | Uk | ||
| 005 | 20210729094056.0 | ||
| 008 | 191114s2020 cc a f 000 0 eng d | ||
| 020 |
_a9789881998583 (hbk.) : _c£35.00 |
||
| 040 |
_aStDuBDS _beng _erda _cStDuBDS |
||
| 082 | 0 | 4 |
_a709.05014 _bINT _222 |
| 245 | 0 | 0 |
_aInteractive installation art & design / _cexecutive editor Wang Chen, Li Juan. |
| 246 | 3 | _aInteractive installation art and design | |
| 264 | 1 |
_aHong Kong : _bArtpower, _c2020. |
|
| 300 |
_a279 pages : _billustrations ; _c29 cm |
||
| 336 |
_atext _2rdacontent _btxt |
||
| 336 |
_astill image _2rdacontent _btxt |
||
| 337 |
_aunmediated _2rdamedia _bn |
||
| 338 |
_avolume _2rdacarrier _bnc |
||
| 650 | 7 |
_aInstallations (Art) _y21st century. _2BUEsh |
|
| 653 |
_bART _cJuly2021 |
||
| 655 |
_vReading book _934232 |
||
| 700 | 1 |
_aChen, Wang, _eeditor. |
|
| 700 | 1 |
_aJuan, Li, _eeditor. |
|
| 942 |
_2ddc _cBB |
||